CMOS Analog Circuit Design (Record no. 329351)

MARC details
000 -LEADER
fixed length control field 00451nam a2200169Ia 4500
008 - FIXED-LENGTH DATA ELEMENTS--GENERAL INFORMATION
fixed length control field 230718s9999 xx 000 0 und d
020 ## - INTERNATIONAL STANDARD BOOK NUMBER
International Standard Book Number 9780198071891
041 ## - LANGUAGE CODE
Language code of text/sound track or separate title eng
082 ## - DEWEY DECIMAL CLASSIFICATION NUMBER
Classification number 621.395
Item number ALL
100 ## - MAIN ENTRY--PERSONAL NAME
Personal name Allen P.E.
9 (RLIN) 128861
245 ## - TITLE STATEMENT
Title CMOS Analog Circuit Design
250 ## - EDITION STATEMENT
Edition statement 2nd ed.
260 ## - PUBLICATION, DISTRIBUTION, ETC. (IMPRINT)
Name of publisher, distributor, etc. Oxford University Press
365 ## - TRADE PRICE
Currency code Rs.
Price amount 475.00
700 ## - ADDED ENTRY--PERSONAL NAME
Personal name Allen P.E. & Holberg D.R.
906 ## - LOCAL DATA ELEMENT F, LDF (RLIN)
d B:1005124-Nov-2011
c ETC
b 118.75
Holdings
Withdrawn status Lost status Damaged status Not for loan Home library Current library Date acquired Vendor Budget Code Cost, normal purchase price Bill number Total Checkouts Full call number Barcode Date last seen Date last checked out Discount Cost, replacement price Bill Date Koha item type Original Barcode
        Cummins College of Engineering for Women Pune Cummins College of Engineering for Women Pune 12/12/2011 Technical Book Services ETC 356.25 10051 2 621.395 CCEP-BK-40558 24/03/2026 10/03/2026 118.75 475.00 24/11/2011 Books 040558